| 000 | 00610nam a2200241 a 4500 | ||
|---|---|---|---|
| 001 | nice12345678 | ||
| 003 | IN_TiNIC | ||
| 005 | 20260116012844.0 | ||
| 008 | 050524s1961 puna grp 000 0 urd | ||
| 020 |
_a _c100 |
||
| 082 | 0 | 0 |
_a294.5921 _bCHU |
| 100 | _aChummupati, | ||
| 245 | _aSatyarth Prakash Ka Lafzi Sales Aur Ba Muhawira Urdu Tarjuma | ||
| 260 |
_aPunjab _bShri Jagdev Shastri Sudhanti _c1961 |
||
| 300 | _a566p | ||
| 500 | _aincludes index and biblioraphy | ||
| 505 | 2 | _aBibliography | |
| 650 | _aVedas | ||
| 700 | 1 | _aChummupati, | |
| 902 | _bSRS | ||
| 942 | _cBK | ||
| 999 |
_c8657 _d8657 |
||